000 00704nam a2200241Ia 4500
003 OSt
005 20220925182545.0
006 a|||||r|||| 00| 0
007 ta
008 220923b |||||||| |||| 00| 0 eng d
037 _cGeneral Book
040 _aRTL
_cRTL
_beng
041 _2eng
_aeng
082 _aY9(W,4), L4
100 _aGross Feliks
245 0 _aRevolutionary party
_b Essays in the sociology of po
260 _aConnecticut
_bGreenwood Press
_c1974
300 _axix,280p
_ccm.
490 _aContributions in Sociology Ed by Don Martindale.12
650 _aPolitical Sociology
942 _hY9(W,4), L4
_cGB
_2CC
999 _c502494
_d502494